000 00577nam a2200193Ia 4500
001 23719
003 GE_BSU
008 181216s||||||||xx |||||||||||||| ||und||
040 _cGE_BSU
245 _aЛитературоведческий журнал. №43. 2018
245 _cГл. ред. А.Н. Николюкин
260 _aмосква
260 _c2018г
300 _a311 стр. 21 см.
653 _aЛитературоведческий журнал. №43. 2018
653 _aПериодика
653 _aპერიოდიკა
942 _cCR
999 _c56603
_d56603